UM Logo

You are not their friend/ (Record no. 6074)

MARC details
000 -LEADER
fixed length control field 00568nam a2200169 4500
008 - FIXED-LENGTH DATA ELEMENTS--GENERAL INFORMATION
fixed length control field 170120b xxu||||| |||| 00| 0 eng d
022 ## - INTERNATIONAL STANDARD SERIAL NUMBER
International Standard Serial Number 0893-8989
082 ## - DEWEY DECIMAL CLASSIFICATION NUMBER
Classification number DPer 363.205 P75 May-Dec 2015 V. 39
100 ## - MAIN ENTRY--PERSONAL NAME
9 (RLIN) 18414
Personal name Murgado, Amaury
245 ## - TITLE STATEMENT
Title You are not their friend/
Statement of responsibility, etc. Amaury Murgado.
260 ## - PUBLICATION, DISTRIBUTION, ETC. (IMPRINT)
Place of publication, distribution, etc. California:
Name of publisher, distributor, etc. Bobit Business Media,
Date of publication, distribution, etc. c2015.
300 ## - PHYSICAL DESCRIPTION
Extent v39 n7, page 6;
Dimensions 28 cm.
500 ## - GENERAL NOTE
General note Police: the law enforcement magazine.
650 #0 - SUBJECT ADDED ENTRY--TOPICAL TERM
9 (RLIN) 18415
Topical term or geographic name as entry element Supervisors
General subdivision Leadership
650 #0 - SUBJECT ADDED ENTRY--TOPICAL TERM
9 (RLIN) 18416
Topical term or geographic name as entry element Supervisors
General subdivision Law Enforcement
942 ## - ADDED ENTRY ELEMENTS (KOHA)
Source of classification or shelving scheme Dewey Decimal Classification
Koha item type Periodicals
Holdings
Withdrawn status Lost status Source of classification or shelving scheme Damaged status Not for loan Collection code Home library Current library Date acquired Total Checkouts Full call number Date last seen Price effective from Koha item type Public note
    Dewey Decimal Classification     Periodicals UM Digos College - LIC UM Digos College - LIC 01/20/2017   DPer 363.205 P75 May-Dec 2015 V. 39 01/20/2017 01/20/2017 Periodicals Periodical article